| 000 | 00904nam a2200229 a 4500 | ||
|---|---|---|---|
| 001 | 79187 | ||
| 003 | BD-RjUL | ||
| 005 | 20220116120133.0 | ||
| 008 | 220116s2019 bg ||||| |||| 00| 0 ben d | ||
| 020 |
_a9789848043332 _c:Tk.400.00 |
||
| 035 | _a(BD-RjUL)79187 | ||
| 040 |
_aBD-RjUL _beng _cBD-RjUL |
||
| 041 | _aben | ||
| 082 |
_223 _a954.9205092 _bBAM 2019 |
||
| 245 |
_a বাঙালির মুক্তির সংগ্রাম ও বঙ্গবন্ধু / _cআরিফ নজরুল সম্পাদিত |
||
| 260 |
_aঢাকা : _bরাফাত পাবলিকেশন্স, _c২০১৯ |
||
| 300 |
_a২৩৮ পৃ.; _c২২ সেমি. |
||
| 600 |
_aমুজিবুর রহমান, _cশেখ, _d১৯২০-১৯৭৫ |
||
| 600 |
_aMujibur Rahman, _cSheikh, _d1920-1975 |
||
| 700 |
_aনজরুল, আরিফ _9750 |
||
| 942 |
_2ddc _cBK |
||
| 999 |
_c79187 _d79187 |
||